000 00852nam a22002417a 4500
005 20240305165410.0
007 cr|||| ||||
008 130404e2011 mx |||||s|||| 00||0 spa d
020 _a978-607-406-266-3
035 _a10975
040 _avLex
090 _c4109
_d4109
100 1 0 _aLuna Guerra, Antonio
245 1 0 _aCasos prácticos de ISR e IETU para personas físicas con actividades empresariales
_c/ Antonio Luna Guerra
_h[Recurso electrónico]
256 _aServicio en línea
260 _aMéxico D.F. :
_bEdiciones Fiscales ISEF,
_c2011
300 _a1 Recurso electrónico
506 _aContenido solo disponible en los productos indicadados
650 0 4 _aDerecho tributario
_zMéxico
740 _avLex Libros (Servicio en línea)
856 _aAcceso restringido
_uhttp://www.vlex.com/source/10975
942 _cRAA
999 _c162479
_d162479